00995nam a2200253Ia 4500003000900000008004100009020002100050040001600071080002000087111007200107245017800179260004000357300001600397490001600413650004100429650004600470650001500516700002500531700002600556710003400582942000700616999001500623952010300638IN-BaIIA211028s9999 xx 000 0 eng d a0379-6566 (ISSN) cIIA Library a52-76(063)bESA aUltraviolet Explorer Conferencen3rdcSpaind1982 May 10-13913255 0aThird european IUE conferencebproceedings of the third International Ultraviolet explorer conference, Madrid, Spain, 10-13 May 1982 cedited by E. Rolfe and A. Heck  aFrancebEuropean Space Agencyc1982 axiii, 621p. aESA SP; 176 aAstronomy and astrophysics thesaurus aInternational ultraviolet explorer912266 aIUE911538 aHeck, A., ed.913256 aRolfe, E., ed.913257 aEuropean Space Agency913258 cBK c7856d7856 00104070aBANbBANcGENd1984-02-28l0o52-76(063)/ ESAp8677r2021-11-05w1984-02-28yBK 44.00